| 000 | 00683nam a22001937a 4500 | ||
|---|---|---|---|
| 008 | 090205t xxu||||| |||| 00| 0 eng d | ||
| 010 | _aENG-92861 | ||
| 020 | _c70.00 | ||
| 035 | _aEN-76394 | ||
| 037 | _bDBAD / PUB | ||
| 040 |
_adpl _bEnglish |
||
| 082 | _a543.0858 | ||
| 100 | _aBaskaran, P. | ||
| 245 |
_aVibrational spectra / _cby P. Baskaran |
||
| 260 |
_aPreambalur _bMercury Printers & Publishers _c2007 |
||
| 300 |
_a75p. _c22cm (pbk) |
||
| 942 |
_2ddc _cEN _mBAS _h543.0858 |
||
| 999 |
_c23108 _d23108 |
||